[Event "Samara Polugaevsky Memorial 6th"]
[Site "Samara"]
[Date "2016.07.07"]
[Round "5"]
[White "Grishin, Andrey"]
[Black "Rumyantsev, Nikolay"]
[Result "1-0"]
[WhiteElo "1900"]
[BlackElo "1637"]
[PlyCount "147"]
[EventDate "2016.07.03"]
[EventType "swiss"]
[EventRounds "9"]
[EventCountry "RUS"]
[SourceTitle "EXT 2019"]
[Source "ChessBase"]
[SourceDate "2018.10.10"]
[SourceVersion "1"]
[SourceVersionDate "2018.10.10"]
[SourceQuality "1"]

1. e4 d5 2. exd5 c6 3. dxc6 Nxc6 4. Bc4 Nf6 5. d3 Bg4 6. f3 Bd7 7. a3 Qb6 8. Nc3 Ne5 9. Bb3 g6 10. Qe2 Nc6 11. Qe3 Nd4 12. Nge2 Nxb3 13. Qxb6 axb6 14. cxb3 Bg7 15. Be3 Bf5 16. 0-0-0 Ra6 17. Nd4 Bd7 18. Ndb5 0-0 19. Nc7 Ra5 20. Bxb6 Rf5 21. b4 Rc8 22. Rhf1 h5 23. Kd2 Bh6+ 24. Kc2 Bf4 25. g4 Rg5 26. h4 Re5 27. g5 Nd5 28. N7xd5 Rxd5 29. Bc5 Re5 30. Rde1 Rxe1 31. Rxe1 e6 32. Be3 Bg3 33. Rh1 Bc6 34. Kd2 Be5 35. Rh3 f5 36. gxf6 Bxf6 37. b5 Bd7 38. a4 Be7 39. Bg5 Bb4 40. Bf6 Kf7 41. Be5 Ba5 42. Ke3 Be8 43. Ne4 Rc2 44. Bc3 Bb6+ 45. d4 Bc7 46. Nd2 Rc1 47. Nb3 Rf1 48. Ke2 Rg1 49. Be1 Bf4 50. Kf2 Be3+ 51. Kxe3 Rxe1+ 52. Kd2 Rb1 53. Kc2 Rf1 54. Na5 b6 55. Nc4 Rf2+ 56. Kc3 Kf6 57. Nxb6 g5 58. hxg5+ Kxg5 59. Nc4 Kf4 60. Ne5 Ke3 61. b3 Rf1 62. b6 Rc1+ 63. Kb4 Rc8 64. Rh4 Rd8 65. a5 Rd5 66. Re4+ Kd2 67. Nc4+ Kd3 68. Rxe6 Rb5+ 69. Ka3 Bf7 70. Ne5+ Kc3 71. Rc6+ Kxd4 72. Nxf7 Rxa5+ 73. Kb4 Rf5 74. b7 1-0

[Event "Samara Polugaevsky Memorial 6th"]
[Site "Samara"]
[Date "2016.07.05"]
[Round "3"]
[White "Skatchkov, Valery"]
[Black "Grishin, Andrey"]
[Result "1-0"]
[WhiteElo "2099"]
[BlackElo "1900"]
[PlyCount "85"]
[EventDate "2016.07.03"]
[EventType "swiss"]
[EventRounds "9"]
[EventCountry "RUS"]
[SourceTitle "EXT 2019"]
[Source "ChessBase"]
[SourceDate "2018.10.10"]
[SourceVersion "1"]
[SourceVersionDate "2018.10.10"]
[SourceQuality "1"]

1. d4 Nf6 2. Nf3 d5 3. c4 e6 4. g3 c5 5. cxd5 exd5 6. Bg2 h6 7. 0-0 Nc6 8. Nc3 Bf5 9. Re1 Be7 10. dxc5 0-0 11. Be3 Qd7 12. Qa4 Ne4 13. Rad1 Nxc3 14. bxc3 Bf6 15. c4 d4 16. Nxd4 Nxd4 17. Qxd7 Bxd7 18. Bxd4 Ba4 19. Rd3 Bxd4 20. Rxd4 Rac8 21. Bxb7 Rxc5 22. Rb1 Bc2 23. Rb2 Rb8 24. Rxc2 Rxb7 25. Rd5 Rc6 26. c5 Rbc7 27. e4 Kf8 28. Kf1 Ke7 29. Ke2 Rb7 30. Kd3 f6 31. Kc4 a6 32. Rcd2 Rbc7 33. Rb2 Ke6 34. Kd4 Ke7 35. a4 Ke6 36. a5 Ke7 37. Rb6 Rc8 38. h4 g5 39. hxg5 hxg5 40. Rxc6 Rxc6 41. e5 fxe5+ 42. Rxe5+ Kf6 43. Kd5 1-0

[Event "EU-ch rapid"]
[Site "Minsk"]
[Date "2015.12.19"]
[Round "1"]
[White "Grishin, Andrey"]
[Black "Melkumyan, Hrant"]
[Result "0-1"]
[WhiteElo "1901"]
[BlackElo "2654"]
[PlyCount "124"]
[EventDate "2015.12.19"]
[EventType "swiss (rapid)"]
[EventRounds "11"]
[EventCountry "BLR"]
[SourceTitle "EXT 2017"]
[Source "ChessBase"]
[SourceDate "2016.10.25"]
[SourceVersion "1"]
[SourceVersionDate "2016.10.25"]
[SourceQuality "1"]

1. e4 c5 2. d4 cxd4 3. c3 d3 4. c4 Nc6 5. Nc3 g6 6. Bxd3 Bg7 7. f4 d6 8. Nf3 Nf6 9. h3 0-0 10. 0-0 Nd7 11. Be3 Nc5 12. Rc1 a5 13. Bb1 a4 14. Bxc5 dxc5 15. Qxd8 Rxd8 16. e5 a3 17. b3 Nb4 18. Rcd1 Bf5 19. Bxf5 gxf5 20. Rxd8+ Rxd8 21. Nb5 Ra8 22. Rf2 e6 23. Rd2 Bf8 24. Nc3 Be7 25. Rd7 Kf8 26. Rxb7 Rd8 27. Nb5 Nxa2 28. Nxa3 Nc1 29. g3 Rd3 30. Kf2 Rxb3 31. Rxb3 Nxb3 32. Ke3 h5 33. h4 Bd8 34. Nb5 Ba5 35. Ng5 Be1 36. Kf3 Bb4 37. Nh7+ Kg7 38. Nf6 Nd2+ 39. Ke2 Nxc4 40. Nxh5+ Kg6 41. Nf6 Nb2 42. h5+ Kg7 43. Nd6 c4 44. g4 fxg4 45. Nxg4 c3 46. h6+ Kg6 47. Ne3 f5 48. Nc2 Bc5 49. Nb5 Na4 50. h7 Kxh7 51. Kd3 Kg6 52. Nxc3 Nxc3 53. Kxc3 Kh5 54. Kc4 Bf2 55. Nb4 Kg4 56. Nd3 Bg1 57. Kb5 Kf3 58. Kc6 Ke4 59. Kd6 Kxd3 60. Kxe6 Ke4 61. Kd6 Be3 62. e6 Bxf4+ 0-1

[Event "Samara Polugaevsky Memorial 5th"]
[Site "Samara"]
[Date "2015.07.09"]
[Round "7"]
[White "Toporkova, Sofia"]
[Black "Grishin, Andrey"]
[Result "0-1"]
[WhiteElo "1953"]
[BlackElo "1790"]
[PlyCount "98"]
[EventDate "2015.07.03"]
[EventType "swiss"]
[EventRounds "9"]
[EventCountry "RUS"]
[SourceTitle "EXT 2017"]
[Source "ChessBase"]
[SourceDate "2016.10.25"]
[SourceVersion "1"]
[SourceVersionDate "2016.10.25"]
[SourceQuality "1"]

1. c4 e5 2. g3 h5 3. d4 e4 4. Nc3 Bb4 5. Bd2 Bxc3 6. Bxc3 d5 7. cxd5 Nf6 8. Bg2 h4 9. Qc2 Qxd5 10. e3 Nc6 11. h3 hxg3 12. fxg3 Qg5 13. Qf2 Nd5 14. Bxe4 Nxc3 15. bxc3 Qa5 16. Qd2 Be6 17. Bg2 0-0-0 18. Ne2 g5 19. Qb2 Bd5 20. Bxd5 Qxd5 21. 0-0-0 Rde8 22. Qd2 Na5 23. Qc2 Rxe3 24. Rh2 Rhe8 25. Rf1 b6 26. h4 Qc4 27. Rff2 Kb8 28. h5 Qe6 29. h6 Nc4 30. h7 Rh8 31. Kd1 Rxg3 32. Kc1 Re3 33. Rh5 Qg4 34. Rhh2 Qe6 35. Rh5 g4 36. Rg5 g3 37. Rg8+ Kb7 38. Rxh8 gxf2 39. Rb8+ Ka6 40. Qa4+ Na5 41. Qd1 Rxe2 42. h8Q Re1 43. Qh1 Qe3+ 44. Kb2 Rxh1 45. Qxh1 Qe1 46. Qh3 f1Q 47. Qc8+ Kb5 48. Qd7+ c6 49. c4+ Nxc4+ 0-1

[Event "Samara Polugaevsky Memorial 5th"]
[Site "Samara"]
[Date "2015.07.08"]
[Round "6"]
[White "Grishin, Andrey"]
[Black "Alieva, Alexandra"]
[Result "0-1"]
[WhiteElo "1790"]
[BlackElo "1973"]
[PlyCount "72"]
[EventDate "2015.07.03"]
[EventType "swiss"]
[EventRounds "9"]
[EventCountry "RUS"]
[SourceTitle "EXT 2017"]
[Source "ChessBase"]
[SourceDate "2016.10.25"]
[SourceVersion "1"]
[SourceVersionDate "2016.10.25"]
[SourceQuality "1"]

1. e4 e5 2. Nf3 Nf6 3. d4 Nxe4 4. Bd3 d5 5. Nxe5 Bd6 6. c4 c6 7. cxd5 cxd5 8. Qa4+ Nd7 9. Nc3 Nxc3 10. bxc3 0-0 11. Nxd7 Bxd7 12. Qc2 Re8+ 13. Be3 Qh4 14. g3 Bxg3 15. 0-0-0 Bd6 16. Rdg1 Re6 17. Bf5 Ba3+ 18. Kd2 Rb6 19. Rb1 Bb5 20. h3 g6 21. Bg4 Be7 22. Be2 Bg5 23. Rxb5 Rxb5 24. Bxb5 Qxf2+ 25. Kc1 Qxe3+ 26. Kb2 a6 27. Bd3 Rc8 28. h4 Bf6 29. Qe2 Qg3 30. h5 Qc7 31. Qd2 Qb6+ 32. Ka1 Rxc3 33. hxg6 hxg6 34. Bxg6 Bxd4 35. Bxf7+ Kf8 36. Rh8+ Bxh8 0-1

[Event "Samara Polugaevsky Memorial 5th"]
[Site "Samara"]
[Date "2015.07.03"]
[Round "1"]
[White "Timerkhanov, Alexander"]
[Black "Grishin, Andrey"]
[Result "1/2-1/2"]
[WhiteElo "2263"]
[BlackElo "1790"]
[PlyCount "80"]
[EventDate "2015.07.03"]
[EventType "swiss"]
[EventRounds "9"]
[EventCountry "RUS"]
[SourceTitle "EXT 2017"]
[Source "ChessBase"]
[SourceDate "2016.10.25"]
[SourceVersion "1"]
[SourceVersionDate "2016.10.25"]
[SourceQuality "1"]

1. d4 Nf6 2. Bg5 d5 3. Bxf6 gxf6 4. c4 c6 5. Nc3 dxc4 6. a4 e5 7. dxe5 Qxd1+ 8. Rxd1 fxe5 9. e4 Be6 10. Nf3 f6 11. Nd2 Na6 12. Bxc4 Bxc4 13. Nxc4 Bb4 14. 0-0 Rd8 15. f4 Rxd1 16. Nxd1 exf4 17. Rxf4 Ke7 18. Kf1 Nc5 19. Nde3 Ke6 20. Nc2 a5 21. Nd4+ Ke7 22. Nf5+ Ke6 23. Nd4+ Ke7 24. Rg4 Rf8 25. Nb6 Ne6 26. Nf5+ Kf7 27. Nc4 Rd8 28. Nce3 Rd2 29. Nh6+ Ke7 30. Ng8+ Kf7 31. Nf5 Bc5 32. b3 Rf2+ 33. Ke1 Nf4 34. Rg7+ Kf8 35. Nxf6 Nd3+ 36. Kd1 Bb4 37. Nxh7+ Ke8 38. Nf6+ Kf8 39. Nh7+ Ke8 40. Nf6+ Kf8 1/2-1/2